00806cem a2200217 a 4500020001500000040000800015082002600023110002000049245007600069246001300145246004600158260003800204300004200242500002200284500003200306500006900338500004200407500009500449650003200544650001200576 a9211196280 cDLC00a553 UNT 1993 C149 Or.2 aUnited Nations.10aAtlas of mineral resources of the ESCAP region.bexplanatory brochure /30aCambodia18aGeology and mineral resources of Cambodia aNew York :bUnited Nations,c1993 a1 atlas (vii, 87 p.) :bmaps ;c30 cm a"ISSN 1014-5451." a"ST/ESCAP/1306"--T.p. verso a"United Nations publication sales no. E.94. II. F.5"--T.p. verso a"February 1994-1700"--P. [4] of cover aFolded col. "Mineral resources map of Cambodia" and "Geological map of Cambodia" in pocket 0aMines and mineral resources 0aGeology